Solo a dos voces / (Record no. 7801)

MARC details
000 -LEADER
campo de control de longitud fija 00673nam a2200229 i 4500
001 - NÚMERO DE CONTROL
campo de control 7801
003 - IDENTIFICADOR DE NÚMERO DE CONTROL
campo de control ES-MaACL
005 - FECHA Y HORA DE LA ÚLTIMA TRANSACCIÓN
campo de control 20250809063446.0
007 - CAMPO FIJO DE DESCRIPCIÓN FÍSICA--INFORMACIÓN GENERAL
campo de control de longitud fija t|
008 - DATOS DE LONGITUD FIJA--INFORMACIÓN GENERAL
campo de control de longitud fija 910511s1991 sp ||||1| spa d
020 ## - NÚMERO INTERNACIONAL ESTÁNDAR DEL LIBRO
ISBN cancelado o inválido 9789681654955
080 ## - NÚMERO DE LA CLASIFICACIÓN DECIMAL UNIVERSAL
Número de la Clasificación Decimal Universal 929 Paz, Octavio
100 1# - ENTRADA PRINCIPAL--NOMBRE DE PERSONA
Nombre de persona Paz, Octavio,
Fechas asociadas al nombre 1914-1998
9 (RLIN) 89753
245 10 - MENCIÓN DEL TÍTULO
Título Solo a dos voces /
Mención de responsabilidad, etc. Octavio Paz, Julián Ríos.
250 ## - MENCION DE EDICION
Mención de edición 2ª ed.
260 ## - PUBLICACIÓN, DISTRIBUCIÓN, ETC.
Lugar de publicación, distribución, etc. Barcelona :
Nombre del editor, distribuidor, etc. Lumen,
Fecha de publicación, distribución, etc. 1991.
300 ## - DESCRIPCIÓN FÍSICA
Extensión [106] p. :
Otras características físicas il. ;
Dimensiones 23 x 22 cm.
600 14 - PUNTO DE ACCESO ADICIONAL DE MATERIA--NOMBRE DE PERSONA
Nombre de persona Paz, Octavio,
Fechas asociadas al nombre 1914-1998-
Subdivisión general Biografías
9 (RLIN) 89754
700 1# - ENTRADA AGREGADA--NOMBRE PERSONAL
Nombre de persona Ríos, Julián.
9 (RLIN) 97370
852 4# - LOCALIZACIÓN
Ubicación ES-MaACL
Número de control de estantería L-15078
Nota libre - Enc. cart.
Holdings
Estatus retirado Estado de pérdida Estado de daño No para préstamo Biblioteca de origen Biblioteca actual Ubicación en estantería Fecha de adquisición Fuente de adquisición Total de préstamos Signatura topográfica completa Código de barras Visto por última vez Precio de reemplazo Tipo de ítem Koha
        Biblioteca del Ateneo de Madrid Biblioteca del Ateneo de Madrid Depósito 2 17/01/2008     L-15078 1007957 23/02/2023 23/02/2023 Libro impreso